000
00355nam a2200133Ia 4500
003
GCL
008
140319s9999 xx 000 0 ara d
040
_a
GCL /
_c
GCL
082
0
4
_a
621.313
_b
ا م
245
1
0
_a
المرجع فى المحولات الكهربائية
260
_a
[S.N] :
_b
جامعة الموصل ،
_c
1984
300
_a
922 ص
490
_a
999
_c
52598
_d
52598